صفحات من تاريخ مصر / (رقم التسجيلة. 14487)
[ عرض عادي ]
| 000 -LEADER | |
|---|---|
| fixed length control field | 00596nam a22001817a 4500 |
| 005 - DATE AND TIME OF LATEST TRANSACTION | |
| control field | 20251108164806.0 |
| 008 - FIXED-LENGTH DATA ELEMENTS--GENERAL INFORMATION | |
| fixed length control field | 250721s1989 xx 000 0 ara d |
| 082 14 - DEWEY DECIMAL CLASSIFICATION NUMBER | |
| Classification number | 810.4/يحي |
| 100 1# - MAIN ENTRY--PERSONAL NAME | |
| Personal name | حقي، يحيى |
| 245 10 - TITLE STATEMENT | |
| Title | صفحات من تاريخ مصر / |
| 264 1# - PRODUCTION, PUBLICATION, DISTRIBUTION, MANUFACTURE, AND COPYRIGHT NOTICE | |
| Place of production, publication, distribution, manufacture | القاهرة : |
| Name of producer, publisher, distributor, manufacturer | الهيئة المصرية العامة للكتاب، |
| Date of production, publication, distribution, manufacture, or copyright notice | 1989. |
| 300 ## - PHYSICAL DESCRIPTION | |
| Extent | 455ص |
| 490 0# - SERIES STATEMENT | |
| Series statement | مؤلفات يحيى حقي ؛ 17 : المقالات الأدبية ؛ 5 |
| 650 17 - SUBJECT ADDED ENTRY--TOPICAL TERM | |
| Topical term or geographic name as entry element | الأدب العربي |
| 650 17 - SUBJECT ADDED ENTRY--TOPICAL TERM | |
| Topical term or geographic name as entry element | المقالات الأدبية |
| 942 ## - ADDED ENTRY ELEMENTS (KOHA) | |
| Source of classification or shelving scheme | Dewey Decimal Classification |
| Koha item type | كتب |
| حالة السحب | حالة الفقدان | مصدر التصنيف | حالة التلف | غير قابل للإعارة | المكتبة الرئيسية | المكتبة الحالية | موقع الرف | تاريخ التزويد | الرقم المتسلسل | Total Checkouts | رقم الإستدعاء | الباركود | تاريخ آخر ظهور | تاريخ الفاتورة | نوع المادة (كوها) |
|---|---|---|---|---|---|---|---|---|---|---|---|---|---|---|---|
| Dewey Decimal Classification | المكتبة المركزية | المكتبة المركزية | الإعارة | 06/07/2004 | 167691 | 810.4/يحي | 167691 | 28/07/2025 | 06/07/2004 | كتب | |||||
| Dewey Decimal Classification | المكتبة المركزية | المكتبة المركزية | الإعارة | 06/07/2004 | 179244 | 810.4/يحي | 179244 | 28/07/2025 | 06/07/2004 | كتب |